00389nam a2200145Ia 4500003000400000008004100004040001600045082001900061100002000080245005500100260003400155300001000189650002600199650001800225GCL140319s9999 xx 000 0 eng d aGCL / cGCL04a305.50941bA P1 aARGYLE, MICHAEL10aTHE PSYCHOLOGY OF SOCIAL CLASS / cARGYLE, MICHAEL a[S.N] : bROUTLEDGE ، c1993 a305 P04aPSYCHOLOGICAL ASPECTS04aGREAT BRITAIN